00334nam a2200145Ia 4500003000400000005001700004008004100021040000700062041001200069082002000081100001200101245002500113260003800138365001200176OSt20250930180716.0210423s2001 xx 000 0 und d cAL aEnglish a301.0954 bSINI aSingh K aIndian social system aNew DelhibPrakashan Kendrac2001 b78cINR